| 000 | 01501nam a2200445 i 4500 | ||
|---|---|---|---|
| 001 | 36419 | ||
| 003 | KOSZ 005 | ||
| 005 | 20201119140223.0 | ||
| 008 | 000209s1999 pl a |001 0 pol d | ||
| 015 | _aPB 2000/2242 | ||
| 020 | _a8387916455 | ||
| 035 | _a(OCoLC)830943175 | ||
| 040 |
_aWA N _cWA N _dKOSZ 005/HR |
||
| 041 | 1 |
_apol _heng |
|
| 046 | _k1998 | ||
| 080 | _a658.14/.17 | ||
| 080 | _a(07) | ||
| 100 | 1 |
_aRoss, Stephen A. _eAutor |
|
| 245 | 1 | 0 |
_aFinanse przedsiębiorstw / _cStephen A. Ross, Randolph W. Westerfield, Bradford D. Jordan ; [przeł. Katarzyna Tarnawska et al.]. |
| 246 | 1 |
_iTyt. oryg.: _aFundamentals of corporate finance, _f1998. |
|
| 260 |
_aWarszawa : _b"ABC", _c1999. |
||
| 300 |
_a787 s. : _bil. ; _c24 cm. |
||
| 336 |
_2rdacontent _aTekst _btxt |
||
| 337 |
_2rdamedia _aBez urządzenia pośredniczącego _bn |
||
| 338 |
_2rdacarrier _aWolumin _bnc |
||
| 380 | _aKsiążki | ||
| 380 | _aPublikacje fachowe | ||
| 388 | _a1901-2000 | ||
| 490 | 1 | _aFinanse i Inwestycje. | |
| 504 | _aIndeks. | ||
| 658 | _aGospodarka, ekonomia, finanse | ||
| 650 | 4 | _aFinanse przedsiębiorstwa | |
| 655 | 4 | _aPodręcznik | |
| 700 | 1 |
_aWesterfield, Randolph. _eAutor |
|
| 700 | 1 |
_aJordan, Bradford D. _eAutor |
|
| 700 | 1 |
_aTarnawska, Katarzyna. _eTłumaczenie |
|
| 856 |
_uhttp://koha.tu.koszalin.pl/cgi-bin/koha/opac-detail.pl?biblionumber=36419 _yKatalog online BPK |
||
| 830 | 0 | _aFinanse i Inwestycje | |
| 942 |
_2UKD _cKS |
||
| 999 |
_c36419 _d36419 |
||